Estudio geológico del carbón "retico" y del valle de la Peña (provincias de San Juan y La Rioja) (Record no. 28505)
[ view plain ]
| 000 -LEADER | |
|---|---|
| fixed length control field | 01092cam a22002891 4500 |
| 001 - CONTROL NUMBER | |
| control field | gs 50000283 |
| 003 - CONTROL NUMBER IDENTIFIER | |
| control field | DLC |
| 005 - DATE AND TIME OF LATEST TRANSACTION | |
| control field | 20260227111357.0 |
| 008 - FIXED-LENGTH DATA ELEMENTS--GENERAL INFORMATION | |
| fixed length control field | 880115s1949 ag af 000 0 spa c |
| 010 ## - LIBRARY OF CONGRESS CONTROL NUMBER | |
| LC control number | gs 50000283 |
| 035 ## - SYSTEM CONTROL NUMBER | |
| System control number | (OCoLC)17352076 |
| 040 ## - CATALOGING SOURCE | |
| Original cataloging agency | U.S. Geol. Survey. Libr. |
| Transcribing agency | TxDaM |
| Modifying agency | TxDaM |
| -- | DLC |
| 043 ## - GEOGRAPHIC AREA CODE | |
| Geographic area code | s-ag--- |
| 050 00 - LIBRARY OF CONGRESS CALL NUMBER | |
| Classification number | QE231 |
| Item number | .A3 no. 69 |
| 051 ## - LIBRARY OF CONGRESS COPY, ISSUE, OFFPRINT STATEMENT | |
| Classification number | QE231 |
| Item number | .H343 |
| 082 ## - DEWEY DECIMAL CLASSIFICATION NUMBER | |
| Classification number | 558.2 |
| 100 1# - MAIN ENTRY--PERSONAL NAME | |
| Personal name | Heim, Arnold, |
| Dates associated with a name | 1882-1965. |
| 245 10 - TITLE STATEMENT | |
| Title | Estudio geológico del carbón "retico" y del valle de la Peña (provincias de San Juan y La Rioja) |
| Statement of responsibility, etc. | por Arnold Heim, y Contribución petrográfica, por Verena Kull. |
| 260 ## - PUBLICATION, DISTRIBUTION, ETC. | |
| Place of publication, distribution, etc. | Buenos Aires, |
| Date of publication, distribution, etc. | 1949. |
| 300 ## - PHYSICAL DESCRIPTION | |
| Extent | 31 p. |
| Other physical details | illus., 12 plates. |
| Dimensions | 27 cm. |
| 490 1# - SERIES STATEMENT | |
| Series statement | República Argentina. Dirección General de Industria Minera. Boletín |
| Volume/sequential designation | no. 69 |
| 500 ## - GENERAL NOTE | |
| General note | At head of title: Ministerio de Industria y Comercio de la Nación. |
| 650 #0 - SUBJECT ADDED ENTRY--TOPICAL TERM | |
| Topical term or geographic name entry element | Geology |
| Geographic subdivision | Argentina. |
| 650 #0 - SUBJECT ADDED ENTRY--TOPICAL TERM | |
| Topical term or geographic name entry element | Petrology |
| Geographic subdivision | Argentina. |
| 700 1# - ADDED ENTRY--PERSONAL NAME | |
| Personal name | Kull, Verena. |
| 810 1# - SERIES ADDED ENTRY--CORPORATE NAME | |
| Corporate name or jurisdiction name as entry element | Argentina. |
| Subordinate unit | Dirección General de Minas y Geología. |
| Title of a work | Boletín ; |
| Volume/sequential designation | no. 69. |
No items available.